Law of evidence (Record no. 450)

MARC details
000 -LEADER
fixed length control field 00964 a2200229 4500
008 - FIXED-LENGTH DATA ELEMENTS--GENERAL INFORMATION
fixed length control field 080820t xxu||||| |||| 00| 0 eng d
010 ## - LIBRARY OF CONGRESS CONTROL NUMBER
LC control number ENG-84808
020 ## - INTERNATIONAL STANDARD BOOK NUMBER
International Standard Book Number 8175345551
Terms of availability 2150.00 (set)
035 ## - SYSTEM CONTROL NUMBER
System control number EN-68341
082 ## - DEWEY DECIMAL CLASSIFICATION NUMBER
Classification number 345.54
100 ## - MAIN ENTRY--PERSONAL NAME
Personal name Monir, M
245 ## - TITLE STATEMENT
Title Law of evidence
Statement of responsibility, etc by M Monir ; revised by H. K. Saharay
250 ## - EDITION STATEMENT
Edition statement 14th ed
260 ## - PUBLICATION, DISTRIBUTION, ETC. (IMPRINT)
Place of publication, distribution, etc New Delhi :
Name of publisher, distributor, etc Universal Law Publishing,
Date of publication, distribution, etc 2006.
270 ## - ADDRESS
Address C-FF-1A, Dilkhush Industrial Area, G. T. Karnal Road,
City Delhi
State or province Delhi
Postal code 110033
Telephone number 011-27438103, 27215334
Fax number 011-27458529
Electronic mail address sales@unilawbooks.com
300 ## - PHYSICAL DESCRIPTION
Extent v.1 (ccclxxi, 1111p.)
Dimensions 24 cm. (Hb)
500 ## - GENERAL NOTE
General note Includes bibliographical references and index
650 ## - SUBJECT ADDED ENTRY--TOPICAL TERM
Topical term or geographic name as entry element Evidence law
700 ## - ADDED ENTRY--PERSONAL NAME
Personal name Saharay, H. K.
942 ## - ADDED ENTRY ELEMENTS (KOHA)
Institution code [OBSOLETE] dpl
Koha item type English Books
Call number prefix 345.45 / MON
Source of classification or shelving scheme Dewey Decimal Classification
Classification part 345.45
Call number suffix MON
Holdings
Withdrawn status Lost status Damaged status Not for loan Home library Current library Date acquired Cost, normal purchase price Total Checkouts Full call number Barcode Date last seen Copy number Uniform Resource Identifier Cost, replacement price Price effective from Koha item type
        D.B.Act.Division D.B.Act.Division 20/08/2008 2150.00   345.45 MON EN-68341 15/09/2008 1 472 2150.00 15/09/2008 English Books

© Delhi Public Library
Hit Counter
free hit counter